<?xml version="1.0" encoding="UTF-8"?>
<record
    xmlns:xsi="http://www.w3.org/2001/XMLSchema-instance"
    xsi:schemaLocation="http://www.loc.gov/MARC21/slim http://www.loc.gov/standards/marcxml/schema/MARC21slim.xsd"
    xmlns="http://www.loc.gov/MARC21/slim">

  <leader>00915cam a22003131i 4500</leader>
  <controlfield tag="001">1872</controlfield>
  <controlfield tag="003">BD-RjUL</controlfield>
  <controlfield tag="005">20211208233429.0</controlfield>
  <controlfield tag="008">131209s1966    nyua     b    000 0 eng</controlfield>
  <datafield tag="035" ind1=" " ind2=" ">
    <subfield code="a">(OCoLC)179201</subfield>
  </datafield>
  <datafield tag="035" ind1=" " ind2=" ">
    <subfield code="a">(OCoLC)ocm00179201</subfield>
  </datafield>
  <datafield tag="035" ind1=" " ind2=" ">
    <subfield code="a">(BD-RjUL)1899</subfield>
  </datafield>
  <datafield tag="035" ind1=" " ind2=" ">
    <subfield code="a">(NNC)2456151</subfield>
  </datafield>
  <datafield tag="040" ind1=" " ind2=" ">
    <subfield code="a">BD-RjUL</subfield>
    <subfield code="b">eng</subfield>
    <subfield code="c">BD-RjUL</subfield>
  </datafield>
  <datafield tag="041" ind1=" " ind2=" ">
    <subfield code="a">eng</subfield>
  </datafield>
  <datafield tag="082" ind1=" " ind2=" ">
    <subfield code="a">338.9</subfield>
    <subfield code="b">BAE 1966</subfield>
  </datafield>
  <datafield tag="090" ind1=" " ind2=" ">
    <subfield code="a">HD82</subfield>
    <subfield code="b">.B19</subfield>
  </datafield>
  <datafield tag="100" ind1="1" ind2=" ">
    <subfield code="a">Baldwin, Robert E.</subfield>
    <subfield code="9">6182</subfield>
  </datafield>
  <datafield tag="245" ind1="1" ind2="0">
    <subfield code="a">Economic development and growth /</subfield>
    <subfield code="c">[by] Robert E. Baldwin.</subfield>
  </datafield>
  <datafield tag="260" ind1=" " ind2=" ">
    <subfield code="a">New York :</subfield>
    <subfield code="b">Wiley,</subfield>
    <subfield code="c">c1966</subfield>
  </datafield>
  <datafield tag="300" ind1=" " ind2=" ">
    <subfield code="a">xi, 133 p. :</subfield>
    <subfield code="b">illus. ;</subfield>
    <subfield code="c">22 cm.</subfield>
  </datafield>
  <datafield tag="490" ind1="1" ind2=" ">
    <subfield code="a">Introduction to economics series</subfield>
  </datafield>
  <datafield tag="504" ind1=" " ind2=" ">
    <subfield code="a">Bibliography: p. 118-120. Bibliographical footnotes.</subfield>
  </datafield>
  <datafield tag="650" ind1=" " ind2="0">
    <subfield code="a">Economic development.</subfield>
    <subfield code="9">1961</subfield>
  </datafield>
  <datafield tag="830" ind1=" " ind2="0">
    <subfield code="a">Introduction to economics series.</subfield>
    <subfield code="9">6802</subfield>
  </datafield>
  <datafield tag="942" ind1=" " ind2=" ">
    <subfield code="2">ddc</subfield>
    <subfield code="c">BK</subfield>
  </datafield>
  <datafield tag="999" ind1=" " ind2=" ">
    <subfield code="c">1872</subfield>
    <subfield code="d">1872</subfield>
  </datafield>
  <datafield tag="952" ind1=" " ind2=" ">
    <subfield code="0">0</subfield>
    <subfield code="1">0</subfield>
    <subfield code="2">ddc</subfield>
    <subfield code="4">0</subfield>
    <subfield code="7">0</subfield>
    <subfield code="8">NFIC</subfield>
    <subfield code="a">RUCL</subfield>
    <subfield code="b">RUCL</subfield>
    <subfield code="c">Stack</subfield>
    <subfield code="d">1968-11-14</subfield>
    <subfield code="e">Zeitlinger</subfield>
    <subfield code="g">47.00</subfield>
    <subfield code="l">0</subfield>
    <subfield code="o">338.9 BAE 1966</subfield>
    <subfield code="r">2013-12-09 00:00:00</subfield>
    <subfield code="t">C-7</subfield>
    <subfield code="w">2021-12-08</subfield>
    <subfield code="y">BK</subfield>
  </datafield>
  <datafield tag="952" ind1=" " ind2=" ">
    <subfield code="0">0</subfield>
    <subfield code="1">0</subfield>
    <subfield code="2">ddc</subfield>
    <subfield code="4">0</subfield>
    <subfield code="7">0</subfield>
    <subfield code="8">NFIC</subfield>
    <subfield code="a">RUCL</subfield>
    <subfield code="b">RUCL</subfield>
    <subfield code="c">Stack</subfield>
    <subfield code="d">1968-11-14</subfield>
    <subfield code="e">zeitlinger</subfield>
    <subfield code="g">47.00</subfield>
    <subfield code="l">0</subfield>
    <subfield code="o">338.9 BAE 1966</subfield>
    <subfield code="r">2013-12-10 00:00:00</subfield>
    <subfield code="t">C-4</subfield>
    <subfield code="w">2021-12-08</subfield>
    <subfield code="y">BK</subfield>
  </datafield>
  <datafield tag="952" ind1=" " ind2=" ">
    <subfield code="0">0</subfield>
    <subfield code="1">0</subfield>
    <subfield code="2">ddc</subfield>
    <subfield code="4">0</subfield>
    <subfield code="7">0</subfield>
    <subfield code="8">NFIC</subfield>
    <subfield code="a">RUCL</subfield>
    <subfield code="b">RUCL</subfield>
    <subfield code="c">Stack</subfield>
    <subfield code="d">1968-11-14</subfield>
    <subfield code="e">zeitlinger</subfield>
    <subfield code="g">47.00</subfield>
    <subfield code="l">0</subfield>
    <subfield code="o">338.9 BAE 1966</subfield>
    <subfield code="r">2013-12-10 00:00:00</subfield>
    <subfield code="t">C-6</subfield>
    <subfield code="w">2021-12-08</subfield>
    <subfield code="y">BK</subfield>
  </datafield>
  <datafield tag="952" ind1=" " ind2=" ">
    <subfield code="0">0</subfield>
    <subfield code="1">0</subfield>
    <subfield code="2">ddc</subfield>
    <subfield code="4">0</subfield>
    <subfield code="7">0</subfield>
    <subfield code="8">NFIC</subfield>
    <subfield code="a">RUCL</subfield>
    <subfield code="b">RUCL</subfield>
    <subfield code="c">Stack</subfield>
    <subfield code="d">1976-07-06</subfield>
    <subfield code="e">USIS</subfield>
    <subfield code="l">0</subfield>
    <subfield code="o">338.9 BAE 1971</subfield>
    <subfield code="r">2015-04-29 00:00:00</subfield>
    <subfield code="t">C-2</subfield>
    <subfield code="w">2021-12-08</subfield>
    <subfield code="y">BK</subfield>
  </datafield>
  <datafield tag="952" ind1=" " ind2=" ">
    <subfield code="0">0</subfield>
    <subfield code="1">0</subfield>
    <subfield code="2">ddc</subfield>
    <subfield code="4">0</subfield>
    <subfield code="7">0</subfield>
    <subfield code="8">NFIC</subfield>
    <subfield code="a">RUCL</subfield>
    <subfield code="b">RUCL</subfield>
    <subfield code="c">Stack</subfield>
    <subfield code="d">1968-11-14</subfield>
    <subfield code="e">zeitlinger</subfield>
    <subfield code="g">47.00</subfield>
    <subfield code="l">0</subfield>
    <subfield code="o">338.9 BAE 1966</subfield>
    <subfield code="r">2016-06-14 00:00:00</subfield>
    <subfield code="t">C-3</subfield>
    <subfield code="w">2016-06-14</subfield>
    <subfield code="y">BK</subfield>
  </datafield>
  <datafield tag="952" ind1=" " ind2=" ">
    <subfield code="0">0</subfield>
    <subfield code="1">0</subfield>
    <subfield code="2">ddc</subfield>
    <subfield code="4">0</subfield>
    <subfield code="7">0</subfield>
    <subfield code="8">NFIC</subfield>
    <subfield code="a">RUCL</subfield>
    <subfield code="b">RUCL</subfield>
    <subfield code="c">Stack</subfield>
    <subfield code="d">1968-11-14</subfield>
    <subfield code="e">zeitlinger</subfield>
    <subfield code="g">47.00</subfield>
    <subfield code="l">0</subfield>
    <subfield code="o">338.9 BAE 1966</subfield>
    <subfield code="r">2016-06-14 00:00:00</subfield>
    <subfield code="t">C-5</subfield>
    <subfield code="w">2016-06-14</subfield>
    <subfield code="y">BK</subfield>
  </datafield>
  <datafield tag="952" ind1=" " ind2=" ">
    <subfield code="0">0</subfield>
    <subfield code="1">0</subfield>
    <subfield code="2">ddc</subfield>
    <subfield code="4">0</subfield>
    <subfield code="7">0</subfield>
    <subfield code="8">NFIC</subfield>
    <subfield code="a">RUCL</subfield>
    <subfield code="b">RUCL</subfield>
    <subfield code="c">Stack</subfield>
    <subfield code="d">1968-11-14</subfield>
    <subfield code="e">zeitlinger</subfield>
    <subfield code="g">47.00</subfield>
    <subfield code="l">0</subfield>
    <subfield code="o">338.9 BAE 1966</subfield>
    <subfield code="r">2016-06-14 00:00:00</subfield>
    <subfield code="t">C-8</subfield>
    <subfield code="w">2016-06-14</subfield>
    <subfield code="y">BK</subfield>
  </datafield>
  <datafield tag="952" ind1=" " ind2=" ">
    <subfield code="0">0</subfield>
    <subfield code="1">0</subfield>
    <subfield code="2">ddc</subfield>
    <subfield code="4">0</subfield>
    <subfield code="7">0</subfield>
    <subfield code="8">NFIC</subfield>
    <subfield code="a">RUCL</subfield>
    <subfield code="b">RUCL</subfield>
    <subfield code="c">Stack</subfield>
    <subfield code="d">1968-11-14</subfield>
    <subfield code="e">zeitlinger</subfield>
    <subfield code="g">47.00</subfield>
    <subfield code="l">0</subfield>
    <subfield code="o">338.9 BAE 1966</subfield>
    <subfield code="r">2016-06-14 00:00:00</subfield>
    <subfield code="t">C-9</subfield>
    <subfield code="w">2016-06-14</subfield>
    <subfield code="y">BK</subfield>
  </datafield>
  <datafield tag="952" ind1=" " ind2=" ">
    <subfield code="0">0</subfield>
    <subfield code="1">0</subfield>
    <subfield code="2">ddc</subfield>
    <subfield code="4">0</subfield>
    <subfield code="7">0</subfield>
    <subfield code="8">NFIC</subfield>
    <subfield code="a">RUCL</subfield>
    <subfield code="b">RUCL</subfield>
    <subfield code="c">Stack</subfield>
    <subfield code="d">1975-02-11</subfield>
    <subfield code="e">USIS</subfield>
    <subfield code="g">0.00</subfield>
    <subfield code="l">0</subfield>
    <subfield code="o">338.9 BAE 1971</subfield>
    <subfield code="r">2016-06-14 00:00:00</subfield>
    <subfield code="t">C-10</subfield>
    <subfield code="w">2021-12-08</subfield>
    <subfield code="y">BK</subfield>
  </datafield>
  <datafield tag="952" ind1=" " ind2=" ">
    <subfield code="0">0</subfield>
    <subfield code="1">0</subfield>
    <subfield code="2">ddc</subfield>
    <subfield code="4">0</subfield>
    <subfield code="7">1</subfield>
    <subfield code="8">NFIC</subfield>
    <subfield code="a">RUCL</subfield>
    <subfield code="b">RUCL</subfield>
    <subfield code="c">Reading</subfield>
    <subfield code="d">1968-11-14</subfield>
    <subfield code="e">Zeitlinger</subfield>
    <subfield code="g">47.00</subfield>
    <subfield code="l">0</subfield>
    <subfield code="o">338.9 BAE 1966</subfield>
    <subfield code="r">2016-12-26 00:00:00</subfield>
    <subfield code="t">C-1</subfield>
    <subfield code="w">2016-12-26</subfield>
    <subfield code="y">BK</subfield>
  </datafield>
</record>
